| 000 | 00638nam a22002057a 4500 | ||
|---|---|---|---|
| 010 | _aB-061052 | ||
| 020 |
_a8175956844 _c100.00 |
||
| 035 | _aB-061052 | ||
| 037 | _aCen Lib/Ret | ||
| 040 |
_aDPL _bEN |
||
| 082 |
_aN _bDHA |
||
| 100 |
_aDhall, Ramesh Chandra _9114627 |
||
| 245 |
_aThe stody of hira the hare / _cby Ramesh Chandra Dhall ; transcreated from the Oriya hira nagarar kahani by Shanti Dhall |
||
| 260 |
_aCalcutta ; _bWriters Workshop, _c2000 |
||
| 300 |
_a43p. ; _b24cm(Hb) |
||
| 500 | _aA Writers Workshop publication | ||
| 650 |
_aEnglish literature _9114628 |
||
| 650 |
_anovel _922513 |
||
| 942 |
_2ddc _cEN _hN _mDHA |
||
| 999 |
_c136212 _d136212 |
||